The drowned world /

Bibliographic Details
Main Author: Ballard, J. G., 1930-2009 (Author)
Other Authors: Boswell, James (Illustrator)
Format: Book
Language:English
Published: London : The Folio Society, 2013.
Edition:[New edition].

MARC

Tag First Indicator Second Indicator Subfields
LEADER 00000cam a2200000Mi 4500
001 in00003528521
005 20151105211426.0
008 140513s2013 enk 000 f eng d
035 |a (OCoLC)ocn881130772 
035 |a (OCoLC)881130772 
040 |a NLE  |b eng  |e rda  |c NLE  |d OCLCO  |d EUX  |d UtOrBLW 
049 |a TXAM 
050 4 |a PR6052.A46  |b D76 2013 
090 |a PR6052.A46  |b D78 2013 
100 1 |a Ballard, J. G.,  |d 1930-2009,  |e author. 
245 1 4 |a The drowned world /  |c J.G. Ballard ; introduced by Will Self ; illustrated by James Boswell. 
250 |a [New edition]. 
264 1 |a London :  |b The Folio Society,  |c 2013. 
300 |a 1 volume 
336 |a text  |b txt  |2 rdacontent 
337 |a unmediated  |b n  |2 rdamedia 
338 |a volume  |b nc  |2 rdacarrier 
500 |a In slipcase. 
700 1 |a Boswell, James,  |e illustrator. 
948 |a cataloged  |b h  |c 2015/6/18  |d c  |e junters  |f 2:16:32 pm 
994 |a C0  |b TXA 
999 |a MARS 
999 f f |s ce80f3bd-f520-38c1-88f1-691802f052fd  |i 23a71d3a-f8ae-36ce-bb66-11b337309677  |t 0 
952 f f |p noncirc  |a Texas A&M University  |b College Station  |c Cushing Memorial Library & Archives  |d Cushing: Science Fiction (Does not check out)  |t 0  |e PR6052.A46 D78 2013  |h Library of Congress classification  |i unmediated -- volume 
998 f f |a PR6052.A46 D78 2013  |t 0  |l Cushing: Science Fiction (Does not check out)